| 000 | 01251nam a22002777a 4500 | ||
|---|---|---|---|
| 003 | OSt | ||
| 005 | 20230315113515.0 | ||
| 007 | cr ||||||a|c|a | ||
| 008 | 230228s2021 mx a|||fom||| 001 0 spa d | ||
| 040 | _erda | ||
| 100 | 1 |
_9186235 _aCisneros Cedillo, María Linday |
|
| 245 | 1 |
_aIndicadores de actividad sexual y calidad seminal en ovinos Dorper bajo fotoperiodo creciente : _befecto de la administración de testosterona / _cpor María Linday Cisneros Cedillo; director de tesis César Alberto Meza Herrera. |
|
| 264 | 1 |
_aBermejillo, Durango : _bEl autor, _c2021. |
|
| 300 |
_a1 recurso en línea (73 páginas). _bcuadros, gráficas. |
||
| 336 |
_2rdacontent _atexto _btxt |
||
| 337 |
_2rdamedia _acomputadora _bc |
||
| 338 |
_2rdacarrier _arecurso en línea _bcr |
||
| 502 |
_bISP _cURUZA _d2021. _gLIC |
||
| 504 | _aIncluye referencias bibliográficas: páginas 49-62. | ||
| 650 | 2 |
_9139266 _aGanado lanar _xFertilidad |
|
| 650 | 2 |
_9128800 _aHormonas _xEfecto en ganado lanar |
|
| 650 | 2 |
_9135121 _aSemen _xCalidad |
|
| 700 | 1 |
_975332 _aMeza Herrera, César Alberto _eDirector de tesis. |
|
| 856 |
_uhttp://10.13.5.2/tesis/tl/2021_ZA_Cisneros_Cedillo_MariaLinday.pdf _zDESCARGAR PDF |
||
| 942 |
_2Clasificación Universidad Autónoma Chapingo _cTD |
||
| 999 |
_c218459 _d218459 |
||